00923 a2200409 4500000002100000001000700021005001700028008004100045010000500086020001800091082001700109100005400126110000500180245010500185250001200290260003900302300001000341490000700351500000500358600000500363610000500368611000500373630001600378650000500394651000500399654000500404700002000409700002100429700002000450710000900470711000500479720000500484730000500489740000500494752000500499856000900504BKB 14562520200902170957.0  a a9788132113669 a001.42bA17R1 aResearch methods for business and social students a1 aResearch methods for business and social studentscby Adams John, Hafiz T. A Khan and Robert Raeside a2nd ed. aNew DelhibSage Publicationsc2014 a290p. av a a a a aSocial Work a a a aAdams, Johnbc aKhan, Hafiz T. A aRaeside, Robert abc a a a a a adf